ბათუმის შოთა რუსთაველის სახელმწიფო უნივერსიტეტის ბიბლიოთეკა

Антични теракоти от България / (ბიბ.ჩანაწერი № 60761)

000 -LEADER
fixed length control field 00754nam a22001697a 4500
005 - DATE AND TIME OF LATEST TRANSACTION
control field 20231019120132.0
008 - FIXED-LENGTH DATA ELEMENTS--GENERAL INFORMATION
fixed length control field 231019s1974 bu ||||| |||| 00| 0 bul d
041 ## - LANGUAGE CODE
Language code of text/sound track or separate title bul
080 ## - UNIVERSAL DECIMAL CLASSIFICATION NUMBER
Universal Decimal Classification number 738(083.22) Д-73
100 ## - MAIN ENTRY--PERSONAL NAME
Personal name Дремсизова-Нелчинова, Цветана
9 (RLIN) 20126
245 ## - TITLE STATEMENT
Title Антични теракоти от България /
Statement of responsibility, etc. Цветана Дремсизова-Нелчинова, Горанка Тончева.
264 ## - PRODUCTION, PUBLICATION, DISTRIBUTION, MANUFACTURE, AND COPYRIGHT NOTICE
Place of production, publication, distribution, manufacture София :
Name of producer, publisher, distributor, manufacturer Български художник
Date of production, publication, distribution, manufacture, or copyright notice 1971.
300 ## - PHYSICAL DESCRIPTION
Extent 123 стр.:
Other physical details ил.;
Dimensions 29 см.
653 ## - INDEX TERM--UNCONTROLLED
keyword ანტიკური ტერაკოტი ბულგარეთიდან
700 ## - ADDED ENTRY--PERSONAL NAME
Personal name Тончева, Горанка
Relator term ავტორი
9 (RLIN) 20127
942 ## - ADDED ENTRY ELEMENTS (KOHA)
Source of classification or shelving scheme
Koha item type წიგნი
ეგზემპლარები
Withdrawn status Lost status Source of classification or shelving scheme Damaged status Not for loan Permanent Location Current Location Shelving location Date acquired Cost, normal purchase price Full call number Barcode Date last seen Copy number Uniform Resource Identifier Price effective from Koha item type Public note
          ბათუმის შოთა რუსთაველის სახელმწიფო უნივერსიტეტის მთავარი ბიბლიოთეკა ბათუმის შოთა რუსთაველის სახელმწიფო უნივერსიტეტის მთავარი ბიბლიოთეკა წიგნსაცავი 2023-10-19 10.00 738(083.22) Д-73 65302 2023-10-19 65302 ბსუ-ს საპატიო დოქტორის გურამ ლორთქიფანიძის საჩუქარი 2023-10-19 წიგნი 10 ლ.